000 00574nam a2200217Ia 4500
003 OSt
005 20220928135530.0
006 a|||||r|||| 00| 0
007 ta
008 220927b |||||||| |||| 00| 0 eng d
024 _a2851
037 _cTextual
040 _aSDCL
_cSDCL
_beng
041 _2eng
_aeng
082 _aX:5148, L0
100 _aWatts Reginald
_9491282
245 0 _aReaching the consumer
_b The elements of product public relations
260 _c1970
942 _hX:5148, L0
_cTEXL
_2CC
999 _c806660
_d806660